Which Part of Speech? Quiz Stats

Quiz Updated Jun 12, 2015

Also try: Parts of Speech
Challenge
Share
Tweet
Embed
Score 0/20 Timer 04:00
0 Plays Today
Sentence Part of Speech % Correct
People moved slowly then.???
85.1%
Our father said we were both right.???
84.6%
The old house was the same, droopy and sick, but as we stared down the street we thought we saw an inside shutter move. ???
82.3%
She was a Graham from Montgomery.???
80%
Jem gave a reasonable description of Boo.???
78.4%
'Your father does not know how to teach.'???
78%
Atticus's voice was flinty.???
75.9%
'I'm Charles Baker Harris,' he said. 'I can read.'???
75.4%
Maycomb was an old town, but it was a tired old town when I first knew it.???
75.3%
Thus we came to know Dill as a pocket Merlin, whose head teemed with eccentric plans, strange longings, and quaint fancies.???
75.2%
Sentence Part of Speech % Correct
'Were you ever a turtle, huh?'???
75.2%
Miss Caroline apparently thought I was lying.???
74.2%
Jem was the product of their first year of marriage.???
73.9%
When he was nearly thirteen, my brother Jem got his arm badly broken at the elbow.???
73.7%
'Huh, sir?'???
73.1%
'Folks call me Dill,' said Dill, struggling under the fence.???
72.5%
Dill was a curiosity.???
69.1%
Inside the house lived a malevolent phantom.???
67.9%
Dill left us early in September, to return to Meridian.???
53.1%
That was the summer Dill came to us.???
39.4%

You're not logged in!

Compare scores with friends on all Sporcle quizzes.
Join for Free
OR
Log In

You Might Also Like...

Show Comments

Extras

Top Quizzes Today


Score Distribution

Your Account Isn't Verified!

In order to create a playlist on Sporcle, you need to verify the email address you used during registration. Go to your Sporcle Settings to finish the process.

Report this User

Report this user for behavior that violates our Community Guidelines.

Details: